[Event "Oslo Chess Festival 2017"]
[Site "Oslo"]
[Date "2017.10.07"]
[Round "10"]
[White "Efroimski, Marsel"]
[Black "Zhao, Shengxin"]
[Result "1-0"]
[WhiteElo "2331"]
[BlackElo "2113"]
[Annotator "TA"]
[PlyCount "57"]
[EventDate "2017.??.??"]
[EventType "swiss"]
[EventCountry "NOR"]
[SourceTitle "playchess.com"]
[Source "ChessBase"]
[SourceQuality "1"]

{[%evp 10,57,38,19,20,24,34,30,36,40,36,45,70,56,69,66,85,77,79,89,90,69,137,141,136,129,167,156,198,127,114,122,210,216,369,370,377,374,469,439,481,477,470,381,369,381,365,368,372,366]} 1. e4 {[%cal Be2e4,Be4e5][%mdl 32]} Nf6 2. e5 Nd5 3. d4 d6 4. c4 Nb6 5. exd6 exd6 6. Be2 Be7 {B03: Alekhine's Defence: Four Pawns Attack} 7. Nf3 O-O 8. h3 d5 $146 {White has an edge.} ({Predecessor:} 8... Be6 9. b3 Bf6 10. Bb2 d5 11. c5 N6d7 12. Nbd2 Re8 13. Nf1 Nc6 14. Ng3 {0-1 (39) Styazhkina,A (2301)-Goryachkina,A (2478) Sochi 2017}) 9. c5 N6d7 10. Nc3 Nf6 11. O-O b6 12. Be3 bxc5 13. dxc5 Ba6 14. b4 Bxe2 15. Qxe2 Ne4 ({Black should try} 15... Re8 $14) 16. Nxe4 $16 dxe4 17. Rad1 $36 {[%mdl 2048] White is really pushing.} Qc8 ({Don't blunder} 17... exf3 $2 18. Qxf3 Nd7 19. Qf5 $18) 18. Nd4 Bf6 19. Qg4 (19. Bf4 $18) 19... Qxg4 20. hxg4 Rd8 (20... a6 $16) 21. b5 $18 a6 $2 (21... Bxd4 22. Rxd4 (22. Bxd4 Nd7 $16) 22... Rxd4 23. Bxd4 f6) 22. b6 cxb6 23. cxb6 Bxd4 24. Rxd4 ({Weaker is} 24. Bxd4 Nc6 $18) 24... Rxd4 25. Bxd4 {[#] aiming for b7. KRB-KRN} Nc6 26. Rc1 Nd8 {White is winning.} 27. Be5 f6 28. Bg3 Kf7 {[#]} 29. b7 $1 {[%mdl 512] Precision: White = 90%, Black = 46%.} 1-0

[Event "Oslo Chess Festival 2017"]
[Site "Oslo"]
[Date "2017.10.07"]
[Round "10"]
[White "Dolzhykova, Kateryna"]
[Black "Bentsen, Hakon"]
[Result "1-0"]
[WhiteElo "2270"]
[BlackElo "2071"]
[Annotator "TA"]
[PlyCount "85"]
[EventDate "2017.??.??"]
[EventType "swiss"]
[EventCountry "NOR"]
[SourceTitle "playchess.com"]
[Source "ChessBase"]
[SourceQuality "1"]

{[%evp 12,85,6,6,9,10,0,0,4,0,12,0,34,-9,19,25,41,10,22,26,71,0,0,0,0,-25,-22,-26,-33,-29,47,33,33,25,116,116,102,58,160,104,114,63,71,71,87,75,144,138,140,158,153,102,101,66,89,-110,202,202,194,194,200,193,193,196,207,177,171,166,220,210,625,625,625,625,625,610]} 1. e4 e5 2. Nf3 Nc6 3. Bb5 a6 4. Bxc6 dxc6 5. O-O Bg4 6. d3 Bd6 7. Be3 {LiveBook: 4 Partien} c5 {C68: Spanische Partie (Abtauschvariante)} 8. Nbd2 {[%cal Bb1d2,Bd2f1,Bf1g3][%mdl 32]} Ne7 9. c3 Nc6 {Die Stellung ist ausgeglichen.} 10. h3 Bh5 11. Re1 $146 ({Vorgänger:} 11. Qb3 f6 12. a3 Bf7 13. Qc2 O-O 14. Rad1 Qe7 15. Nc4 {½-½ (94) Denisov,I (2348)-Berczes,D (2555) Stockholm 2012}) 11... Qe7 12. Nf1 O-O-O 13. Ng3 Bg6 14. Qa4 h5 15. a3 h4 16. Bg5 (16. Nf5 $16 Bxf5 17. exf5) 16... f6 $11 17. Nxh4 Be8 18. Nhf5 Qf7 19. Bc1 $1 Bf8 20. Qc2 c4 (20... g6 $11 21. Ne3 Bd7) 21. dxc4 $14 Qxc4 22. Ne3 $36 {[%mdl 2048] Weiss steht aktiver.} Qe6 (22... Qd3 $1 $11 {hält das Gleichgewicht.}) 23. b4 $16 {[%cal Bb2b4,Bb4b5][%mdl 32]} Ne7 24. a4 g5 ({Lieber} 24... Ng6 $14) 25. Qa2 (25. b5 $142) 25... Bf7 26. Qxe6+ (26. c4 $16) 26... Bxe6 $14 27. b5 Ng6 28. Ngf5 Rd3 ({Günstiger ist} 28... Bc5) 29. Ng4 $16 Nf4 30. Nxf6 Rxc3 31. Bxf4 (31. Bb2 $142 Rc4 32. Red1 (32. Bxe5 Nd3 $16)) 31... exf4 32. Nd4 Bxh3 $1 33. gxh3 $2 (33. Nf3 $16) 33... Rcxh3 $2 {[%mdl 8192]} (33... Bc5 $1 $17 {[%cal Rc5d4] hält den Druck.} 34. Ne6 Rcxh3) 34. Kg2 $1 $18 Bg7 35. e5 {Schwarz muss nun bxa6 beachten.} Bxf6 36. exf6 {Und weiter mit f7 wäre nett.} g4 {[#] ( -> ...f3+)} 37. Rg1 $1 Rf8 38. Kf1 g3 {[#]} 39. fxg3 $1 Rxg3 (39... fxg3 $142 40. Kg2 Rh6) 40. Rh1 Rg6 $2 (40... Rxf6 41. Rh8+ Kd7 42. Rh7+ Kd6) 41. Ne6 {Weiß steht klar auf Gewinn.} Rfxf6 42. Rh8+ Kd7 43. Nf8+ {Precision: Weiß = 51%, Schwarz = 41%.} 1-0

[Event "Oslo Chess Festival 2017"]
[Site "Oslo"]
[Date "2017.10.07"]
[Round "10"]
[White "Hobber, Anders"]
[Black "Devereaux, Maxim L"]
[Result "0-1"]
[WhiteElo "2264"]
[BlackElo "2357"]
[Annotator "TA"]
[PlyCount "140"]
[EventDate "2017.??.??"]
[EventType "swiss"]
[EventCountry "NOR"]
[SourceTitle "playchess.com"]
[Source "ChessBase"]
[SourceQuality "1"]

{[%evp 15,139,56,53,18,15,19,33,29,29,26,18,29,36,-5,-10,-10,-4,-14,0,0,0,-34,-22,-41,-33,-38,-32,-40,8,20,96,79,107,94,122,127,132,125,141,125,149,89,66,89,74,-59,-58,-67,25,25,3,-84,-85,-133,-125,-141,-125,-137,-66,-214,-124,-123,-129,-130,0,-302,-308,-302,-310,-525,-527,-566,-567,-525,-548,-638,-637,-599,-558,-504,-486,-450,-429,-451,-410,-410,-410,-480,-426,-513,-10,-10,-10,-10,-10,-10,-10,-10,-10,-10,-10,-10,-10,-10,-8,-49,-49,-49,-33,-4618,-1845,-29985,-29986,-29986,-29987,-29986,-29986,-29988,-29989,-29989,-29990,-29996,-29997,-29997,-29998,-29999]} 1. d4 c5 2. c3 Qc7 3. Nf3 Nf6 4. g3 g6 5. Bg2 Bg7 6. O-O O-O 7. Re1 d6 8. e4 Bg4 {LiveBook: 3 Games. A49: 1 d4 Nf6 2 Nf3 g6 3 g3: Anti-King's Indian systems} 9. d5 Nbd7 10. Nbd2 c4 {The position is equal.} 11. h3 $146 ({Predecessor:} 11. Qa4 Bxf3 12. Nxf3 Ng4 13. Bh3 Nge5 14. Nxe5 Nxe5 15. Be3 b5 16. Qc2 {1-0 (58) Martinovic,S (2436)-Van der Weide,K (2448) Germany 2002}) 11... Bxf3 $1 12. Nxf3 Nc5 13. e5 Nfd7 {[%cal Rd6e5]} 14. exd6 exd6 15. Bf1 b5 16. Be3 Rfe8 17. Nd4 a6 18. b4 Na4 19. Qd2 Qb7 20. Bf4 Ne5 21. Re3 Qb6 22. Rae1 Rac8 (22... Rf8 $11 {keeps the balance.}) 23. Nc6 $16 f6 24. Nd4 a5 25. a3 axb4 26. axb4 Re7 27. Ne6 Bh8 28. h4 (28. Bg2 $142) 28... Ng4 29. R3e2 f5 30. Nd4 (30. Be3 $16 Bxc3 31. Qxc3 Nxc3 32. Bxb6) 30... Rxe2 $1 $15 31. Qxe2 {White threatens Qe6+ and mate.} Ne5 (31... Be5 $1 $15 32. Nc6 Nxc3) 32. Bd2 $11 Rf8 33. f4 (33. Qe3 $11) 33... Nf7 $17 {[%cal Be5f7,Bf7h6,Bh6g4][%mdl 32]} 34. Qf2 Nh6 $36 {[%mdl 2048] Black is in control.} 35. Bh3 Bxd4 $1 36. cxd4 {[#]} Qb7 (36... Nb2 $1 $17 {[%cal Rb2d3]} 37. Qe3 Kg7) 37. Bg2 ({White should play} 37. Qf3 $15) 37... Nb2 (37... Ng4 $19 38. Qe2 Qb6 39. Qe6+ Kg7) 38. Re6 Ng4 39. Qe2 Qa7 (39... Qb6 $17 40. Bc3 Na4) 40. Bf3 $2 {[%mdl 8192]} (40. Bc3 $11 {and White is okay.} Na4 41. Re7) 40... Qxd4+ $19 41. Kg2 c3 42. Be1 $2 (42. Bxc3 {only move.} Qxc3 43. h5) 42... Nd3 43. Bxg4 fxg4 44. Bxc3 Qxc3 45. Re8 Nxf4+ 46. gxf4 {[%mdl 4096] Endgame [#] intending Qe6+. KQR-KQR} Qf3+ $1 {[%mdl 512]} 47. Kg1 (47. Qxf3 gxf3+) 47... Qxe2 48. Rxe2 Rxf4 {KR-KR} 49. Re6 Rxb4 50. Rxd6 Rd4 51. Rd7 Rd2 52. d6 g3 $2 ({Black should try} 52... b4 $19 {And now ...h5 would win.} 53. Kf1 h5) 53. Rb7 $11 Rxd6 (53... Kf8 {looks sharper.} 54. Rxb5 h5 55. Rg5 Rxd6 56. Kg2 Kg7) 54. Rxb5 h6 55. Kg2 Rd3 56. Rb8+ Kf7 57. Rb6 Kg7 58. Ra6 h5 {[%cal Bh6h5,Bh5h4,Bh4h3,Bh3h2][%mdl 32]} 59. Rb6 g5 60. hxg5 h4 {aiming for ...Rd2+.} 61. Kh3 Rd1 62. Kg2 $2 {[%mdl 8192]} (62. Rb4 $15) 62... Rd2+ $19 63. Kg1 h3 {[%cal Rd2d1] Black mates.} 64. Rb1 Kg6 65. Ra1 Re2 66. Rb1 Kxg5 67. Ra1 Kg4 68. Rb1 h2+ 69. Kh1 Kh3 {[%csl Ge2,Gh3][%cal Rg3g2]} 70. Ra1 g2# {Precision: White = 41%, Black = 49%.} 0-1

[Event "Oslo Chess Festival 2017"]
[Site "Oslo"]
[Date "2017.10.07"]
[Round "10"]
[White "Tryggestad, Andreas Garberg"]
[Black "Maze, Sebastien"]
[Result "0-1"]
[WhiteElo "2250"]
[BlackElo "2614"]
[Annotator "TA"]
[PlyCount "98"]
[EventDate "2017.??.??"]
[EventType "swiss"]
[EventCountry "NOR"]
[SourceTitle "playchess.com"]
[Source "ChessBase"]
[SourceQuality "1"]

{[%evp 15,98,8,12,-9,-4,-40,0,-17,-12,-14,-11,-13,-8,-34,0,0,-13,-12,0,-24,-18,-65,-66,-68,-57,-76,-67,-87,-119,-160,-92,-100,-91,-124,-129,-125,-113,-318,-314,-304,-307,-309,-307,-306,-294,-464,-455,-472,-458,-430,-415,-318,-154,-147,-50,-329,-301,-262,-67,-67,-67,-167,-98,-122,-66,-191,-187,-267,-257,-226,-239,-384,-78,-183,-176,-1582,-1568,-1403,-1227,-1640,-1640,-1630,-1601,-1094,-964]} 1. e4 c6 2. Nc3 d5 3. Nf3 g6 4. d4 Bg7 5. exd5 cxd5 6. Bb5+ Nc6 7. Ne5 Bd7 8. Nxd7 Qxd7 9. Be3 {B15: Caro-Kann: 3 Nc3: 3...g6 and 3...dxe4 4 Nxe4 Nf6 5 Nxf6+ exf6} a6 10. Be2 $146 ({Predecessor:} 10. Ba4 Nf6 11. h3 O-O 12. O-O b5 13. Bb3 e6 14. Ne2 Ne4 15. c3 Nd6 16. Qc1 Rfc8 {0-1 (42) Lacha,J (1998)-Hasangatin,R (2474) Piestany 2004}) 10... Rd8 11. Bf3 {The position is equal.} e6 12. Ne2 Nge7 {[%cal Bg8e7,Be7f5,Bf5d6,Bd6c4][%mdl 32]} 13. c3 Nf5 14. Bg5 Rc8 (14... f6 $5 {[%cal Rf6g5]} 15. Bd2 Nh4 $15) 15. Ng3 Nd6 16. O-O Nc4 17. Qe2 O-O 18. h4 b5 19. a3 h6 20. Be3 Rfe8 21. b3 Nxe3 22. fxe3 Qc7 (22... Ne7 $142 23. Qd3 h5) 23. Qf2 $17 Na5 24. b4 Nc4 25. e4 e5 26. exd5 $2 (26. h5 $17 {might work better.}) 26... exd4 $1 $19 27. cxd4 Ne3 28. Ne2 Nxf1 29. Rxf1 h5 30. Rc1 (30. Kh1 $142) 30... Qxc1+ 31. Nxc1 Rxc1+ 32. Kh2 {intending d6.} Bf8 33. Qg3 Kg7 (33... Rd8 $19 {Threatens to win with ...Bd6.} 34. Qg5 Bd6+ 35. g3 Rc2+ 36. Kh3 Rd7) 34. Qf4 $17 {[#]} Rc3 ({Black should play} 34... Rcc8 $1 $17 35. Kg1 Rcd8) 35. Kh3 $2 {[%mdl 8192]} (35. Bxh5 $15 Rd8 36. Qe5+ f6 37. Qe1 Bd6+ 38. Kg1 Rxa3 39. Bg4) 35... Rd8 36. Qe5+ f6 $2 (36... Kg8 $19 37. Qg5 Rd7) 37. Qe1 $1 $15 {[%cal Re1c3]} Rc4 $1 38. Be2 ({White should try} 38. Qe6 $15) 38... Re8 (38... Rxd4 $19 {Strongly threatening ...Bd6.} 39. Bf3 Rd3) 39. Qd2 $17 Rc7 {aiming for ...Bd6.} 40. g4 (40. g3 $1 $15) 40... Rce7 $36 {[%mdl 2048] Black is in control.} 41. Bd1 (41. Bf1 {keeps fighting.}) 41... Re3+ 42. Kg2 hxg4 ({Inferior is} 42... Rxa3 43. gxh5 Ree3 44. Qc2 $11) 43. Bxg4 (43. Qc1 {was called for.} R8e4 44. Qc7+ Kg8 45. Qc8 Rxd4 46. Bxg4) 43... f5 $2 (43... Bd6 $19 {is more deadly.} 44. Kf2 Rxa3) 44. Bf3 (44. Bd1 $17 {was the only defense.}) 44... Rxa3 45. Qc1 $2 (45. Qf4) 45... Ra2+ {Black is clearly winning.} 46. Kf1 Bxb4 47. d6 {[#]} Re1+ $1 48. Qxe1 Bxe1 49. Kxe1 Kf6 {Precision: White = 31%, Black = 58%.} 0-1

[Event "Oslo Chess Festival 2017"]
[Site "Oslo"]
[Date "2017.10.07"]
[Round "10"]
[White "Lund, Gunnar"]
[Black "Federovski, Adi"]
[Result "1-0"]
[WhiteElo "2244"]
[BlackElo "2030"]
[Annotator "TA"]
[PlyCount "117"]
[EventDate "2017.??.??"]
[EventType "swiss"]
[EventCountry "NOR"]
[SourceTitle "playchess.com"]
[Source "ChessBase"]
[SourceQuality "1"]

{[%evp 22,117,0,-9,0,0,18,-91,-99,-50,-53,-152,-137,-362,-133,-226,-111,-112,-100,-141,-31,-31,-39,-55,49,49,49,30,25,29,43,35,41,10,12,16,12,7,44,-54,41,41,313,99,241,102,116,104,102,87,115,80,109,73,52,39,55,43,77,-39,-50,-200,32,-7,105,108,112,81,150,114,156,141,525,566,516,331,408,329,329,349,556,572,553,548,559,321,884,959,920,896,897,688,890,853,1531,1443,2653,2179]} 1. e4 c5 2. Nf3 Nc6 3. Bb5 g6 4. Bxc6 bxc6 5. O-O Bg7 6. Re1 Nh6 7. c3 O-O 8. h3 {B31: Sicilian: 2...Nc6 3 Bb5 g6} f5 9. e5 Nf7 10. d4 cxd4 11. cxd4 c5 (11... Bb7 12. Na3 c5 13. dxc5 Rc8 14. Be3 Bxf3 15. Qxf3 Nxe5 {½-½ (29) Wang,H (2702)-Gelfand,B (2729) Tbilisi 2017}) 12. d5 {LiveBook: 3 Games} e6 13. Nc3 Qc7 $146 ({Predecessor:} 13... Bb7 14. Bf4 Qa5 15. Ng5 Nd8 {1-0 (30) Kaasen,T (2402)-Djurhuus,R (2421) Oslo 2017}) 14. d6 {[#]} (14. Bf4 $11 {keeps the balance.}) 14... Qc6 $1 $17 15. Bf4 Bb7 16. Qa4 ({Better is} 16. h4 $1 $15) 16... Rab8 17. h4 $2 (17. Rac1 $17) 17... Rfc8 $2 (17... Qxa4 $19 18. Nxa4 Bxf3 19. Nxc5 Rb4 20. Nxd7 Rd8 21. Nf6+ Bxf6 22. exf6 Rxf4 23. gxf3 Rxd6) 18. Qa5 (18. Qc2 $17) 18... a6 (18... Ba8 $19 {has better winning chances. Hoping for ...Rb4.} 19. a3 Rxb2) 19. Rac1 Ba8 20. Na4 {[%cal Rc1c5]} Qb5 (20... c4 $17 {...Qb5 is the strong threat.} 21. b3 Qb5) 21. Qxb5 $15 Rxb5 22. Nd2 Bd5 ({Black should play} 22... Rb4 $15 23. Rc4 Bc6 24. Rxb4 cxb4) 23. b3 h6 24. Bg3 g5 {Threatens to win with ...f4.} 25. f4 gxf4 26. Bxf4 Rb4 27. g3 c4 28. a3 Rbb8 29. b4 Rb5 30. Nb1 (30. Nc3 $14) 30... Rb7 (30... Bb7 $15 31. Nbc3 Nxe5 32. Rxe5 Bxe5 33. Bxe5 Rxe5) 31. Nbc3 $36 {[%mdl 2048] White has the initiative.} Ra7 $2 {[%mdl 8192]} (31... Bc6 $1 $14) 32. Nc5 $2 (32. Nb6 $18 {and White stays clearly on top.} Re8 33. Ncxd5 exd5 34. Nxd5) 32... Nd8 (32... Bc6 $16) 33. Rcd1 (33. Nxd5 $18 {is the precise move to win.} exd5 34. Red1) 33... Bc6 $16 34. Kf2 Nb7 35. Nxb7 Bxb7 36. Ke3 Bc6 37. Rb1 Rb7 38. Kd4 Kh7 39. Rb2 Bf3 40. Re3 (40. Ke3 $16 Bc6 41. Kd4) 40... Bh1 $15 41. Rb1 (41. Re1 $15 Rb6 42. Rxh1 Rxd6+ 43. Ke3 Rd3+ 44. Ke2 Rxc3 45. Rd1) 41... Bc6 $2 (41... Rb6 $19 42. Na4 Rxd6+ 43. Kc3 Be4) 42. h5 Rcb8 (42... Bb5 $11 {remains equal.}) 43. Kxc4 $16 Rb6 44. Rb2 Ba8 {[#]} (44... Rc8 $142) 45. a4 $1 Rc8+ 46. Kb3 Bd5+ $2 {[%mdl 8192]} (46... Rbb8 $16 {is more resistant.}) 47. Nxd5 $18 exd5 48. Rd3 Rc4 49. Ka3 d4 {If only Black now had time for ...Kg8....} 50. b5 axb5 (50... Kg8 $142 51. Rb4 axb5 52. Rxb5 (52. axb5 Rc8 $16) (52. Rxd4 Rc5 $16) 52... Ra6) 51. Rxb5 Ra6 52. a5 Kg8 53. Kb3 Rc3+ $2 (53... Rc8 54. Rxd4 Kf7) 54. Rxc3 {White is clearly winning.} dxc3 55. Kxc3 Rxd6 56. Rb6 Rd1 57. Kc4 Kf7 58. Rd6 Ra1 59. Rxd7+ {Precision: White = 40%, Black = 21%.} 1-0

[Event "Oslo Chess Festival 2017"]
[Site "Oslo"]
[Date "2017.10.07"]
[Round "10"]
[White "Myhrvold, Rune"]
[Black "Gonzalez, Francisco Silva"]
[Result "0-1"]
[WhiteElo "2243"]
[BlackElo "2046"]
[Annotator "TA"]
[PlyCount "132"]
[EventDate "2017.??.??"]
[EventType "swiss"]
[EventCountry "NOR"]
[SourceTitle "playchess.com"]
[Source "ChessBase"]
[SourceQuality "1"]

{[%evp 12,132,12,0,0,0,11,6,10,15,13,13,9,0,6,6,6,-2,12,10,20,16,18,-53,0,0,0,-24,-13,-24,-17,-15,-25,-20,0,-38,-47,-51,-60,-65,-56,-102,-33,-23,0,0,0,0,0,-12,0,0,0,0,0,0,0,0,140,135,136,136,210,210,210,203,210,196,177,147,179,158,151,150,170,0,0,-42,0,0,82,82,92,105,304,263,744,681,651,596,550,385,467,431,1099,1016,870,0,0,0,0,-617,-614,-691,-919,-884,-868,-677,-535,-12827,-12827,-1673,-637,-838,-710,-12831,-12831,-12827,-12826,-6810,-6590,-2279,-2039]} 1. e4 e5 2. Bc4 Bc5 3. d3 d6 4. Nc3 Nf6 5. Na4 Bb6 6. Nxb6 axb6 7. f4 {LiveBook: 3 Games} exf4 {C27: Vienna Game: 2...Nf6 3 Bc4 Nxe4} 8. Bxf4 Be6 9. Bxe6 fxe6 {The position is equal.} 10. Nf3 O-O 11. Qd2 e5 $146 ({Predecessor:} 11... Nc6 12. O-O Ra5 13. a3 Qe8 14. Qe2 Qh5 15. Bd2 {1-0 (66) Ganguly,S (2265)-Chatterjee,L (2305) Kolkata 1997}) 12. Bg5 Nc6 13. O-O h6 14. Bh4 Kh7 15. a3 Qd7 16. Rae1 Nh5 17. d4 (17. Qd1 $11) 17... Qg4 (17... Nxd4 $15 18. Nxd4 exd4) 18. h3 $11 Qg6 19. d5 Nb8 $1 20. Kh2 Nd7 21. Qe3 Nc5 22. Nd2 Rf4 23. g3 Rff8 ({Don't play} 23... Rxh4 $6 24. gxh4 Nf4 25. Rg1 $16) 24. b4 Nd7 25. c4 Kg8 26. Kh1 Ndf6 ({Black should play} 26... Qh7 $17) 27. Rf5 $15 Kh7 28. Kh2 Qe8 29. Bxf6 Nxf6 30. Ref1 Nd7 31. Qf3 Qg6 32. g4 Rf6 33. h4 Raf8 34. g5 Rxf5 (34... hxg5 $11 35. hxg5 Rxf5 36. Qh3+ Kg8 37. Rxf5 Re8) 35. exf5 $16 Qe8 36. Ne4 $36 {[%mdl 2048] Keeping Black busy.} Kh8 (36... hxg5 $16 37. hxg5 Rh8) 37. f6 $18 gxf6 38. gxf6 Qf7 39. Qf5 Rg8 40. Rg1 Rxg1 41. Kxg1 Nf8 42. h5 b5 43. Nc3 $2 ({White has to play} 43. cxb5 $18 Qxd5 44. f7) 43... bxc4 $11 44. a4 Qd7 45. Qf3 Qf7 (45... Nh7 $11 46. Ne4 Qf7) 46. a5 $1 $16 {[%mdl 1024] Hoping for b5. White has strong compensation.} Nh7 47. b5 $1 {a6 is the strong threat.} Qg8+ $2 (47... Nxf6 $16 {was necessary.} 48. a6 Qg7+ 49. Kf1 e4 $1 {[%mdl 512]} 50. Nxe4 Nxe4 51. Qxe4 bxa6 52. Qe8+ Kh7 53. Qg6+ Qxg6 54. hxg6+ Kxg6 55. bxa6 Kf5) 48. Kf1 $18 Qg5 $2 (48... Qc8) 49. f7 Qc1+ {[#]} 50. Kg2 $1 Kg7 51. Ne4 Qb2+ 52. Kh3 Qb3 {[#]} (52... Qd4 $142 53. a6 bxa6) 53. Qxb3 $1 cxb3 {[%mdl 4096] Endgame KN-KN} 54. Nc3 $2 (54. a6 $18 Ng5+ 55. Kg2 bxa6 56. bxa6) 54... Nf8 $11 ({Avoid the trap} 54... Kxf7 $2 55. a6 $18) 55. a6 Nd7 {And now ...bxa6 would win.} 56. b6 $2 {[%mdl 8192]} (56. Na4 $11 bxa6 57. bxa6) 56... bxa6 $19 {Black is clearly winning.} 57. bxc7 Nb6 58. Kg4 Kxf7 59. Kf5 a5 {[%cal Ba6a5,Ba5a4][%mdl 32]} 60. Nb5 b2 61. Na3 Nc8 (61... a4 $142 62. Ke4 Ke7) 62. Nb1 a4 63. Na3 Ne7+ 64. Ke4 Ke8 65. Kd3 Kd7 66. Kc2 Nxd5 {Precision: White = 54%, Black = 54%.} 0-1

[Event "Oslo Chess Festival 2017"]
[Site "Oslo"]
[Date "2017.10.07"]
[Round "10"]
[White "Ronneland, Daniel"]
[Black "Ostenstad, Berge"]
[Result "0-1"]
[WhiteElo "2218"]
[BlackElo "2447"]
[Annotator "TA"]
[PlyCount "92"]
[EventDate "2017.??.??"]
[EventType "swiss"]
[EventCountry "NOR"]
[SourceTitle "playchess.com"]
[Source "ChessBase"]
[SourceQuality "1"]

{[%evp 18,92,-15,-14,-11,-14,-12,0,24,-27,-12,-30,-33,-57,-58,-58,-54,-85,-78,-191,-191,-218,-148,-141,-151,-345,-370,-411,-111,-108,0,0,0,0,0,0,22,22,14,-54,-50,-156,-111,-179,0,0,0,-178,-100,-133,-68,-103,-125,-198,-196,-238,-221,-245,-248,-357,-326,-291,-328,-319,-298,-305,-296,-279,-250,-416,-423,-353,-289,-12839,-12840,-12841,-12841]} 1. d4 Nf6 2. c4 e6 3. g3 c5 4. d5 exd5 5. cxd5 d6 6. Nc3 g6 7. Bg2 Bg7 8. e4 O-O 9. Nge2 a6 10. a4 Nbd7 {A60: Modern Benoni: Early Divergences} 11. O-O Rb8 12. Bf4 (12. Rb1 Re8 13. Bf4 Ne5 14. b4 c4 15. Be3 Nfg4 16. Ba7 Ra8 17. Bd4 {0-1 (38) Gagare,S (2491)-Fier,A (2619) Dubai 2016}) 12... Qe7 {The position is equal.} 13. Qc2 $146 (13. a5 $142) ({Predecessor:} 13. Qd3 Ne5 14. Bxe5 Qxe5 15. Rab1 Nd7 16. b4 Qe7 17. f4 f5 18. exf5 cxb4 19. Rxb4 {0-1 (44) Hoffmann,W (1816)-Siemes,R (1990) Bad Homburg 2004}) 13... Ne5 14. Rfe1 Re8 15. h3 b5 16. axb5 axb5 17. Bxe5 Qxe5 18. f4 (18. Nf4 $17) 18... Qh5 $19 19. g4 {[#]} Bxg4 $1 {[%mdl 512]} 20. hxg4 Nxg4 {...Qh2+ is the strong threat.} 21. Nd1 $2 (21. Qd3 $17 {was the only chance.} b4 22. Na4 Qh2+ 23. Kf1) 21... Qh4 22. Qd2 {intending Ra3.} f5 $2 (22... b4 $19 {has better winning chances. Threatens to win with ...f5.} 23. Ra7 (23. Kf1 $2 f5 $19) 23... f5) 23. Ra3 $17 {Threatening Rh3.} fxe4 (23... Rxe4 $17 {White must now prevent ...Bd4+.} 24. Rh3 Bd4+ 25. Kh1 Qe7) 24. Rh3 $36 {[%mdl 2048] [#] White fights for an advantage.} e3 $1 {[%mdl 512]} 25. Qa5 (25. Nxe3 Qf2+) 25... Qf6 26. Qc7 Qe7 27. Qxe7 Rxe7 28. Nec3 ({Better is} 28. Rg3 $11 Nf2 29. Nxe3 (29. Nxf2 exf2+ 30. Kxf2 Bxb2 $11)) 28... Bd4 29. Re2 (29. Kf1 $15) 29... Ra8 30. Rf3 (30. Bf3 $17 Nf2 31. Nxf2 exf2+ 32. Kg2) 30... Nf2 $2 (30... b4 $19 31. Nb5 Ra6) 31. Nxf2 exf2+ 32. Rexf2 $2 {[#]} (32. Kh2 $11 {and White has nothing to worry.} Rxe2 33. Nxe2 Bxb2 34. Rb3) 32... Rb8 (32... b4 $1 $19 33. Nb5 Bxf2+ 34. Rxf2 Ra6) 33. Bf1 c4 ({Black should play} 33... b4 $17 34. Nb5 Bxf2+ 35. Kxf2 Rb6) 34. Kg2 Bxf2 35. Kxf2 (35. Rxf2 $17 b4 36. Nd1) 35... b4 $19 36. Nd1 Re4 37. f5 g5 {[%cal Bg6g5,Bg5g4][%mdl 32]} 38. f6 (38. Re3 {might work better.} Rf4+ 39. Ke1) 38... Kf7 39. Ne3 g4 40. Nf5 Rd8 ({Not} 40... gxf3 41. Nxd6+ Kxf6 42. Nxe4+ Ke5 43. Ke3 $17) 41. Ng3 {[#]} Rd4 $1 ({Inferior is} 41... gxf3 42. Nxe4 c3 43. bxc3 $11) 42. Re3 Rf4+ ({Don't do} 42... Kxf6 43. Re6+ Kf7 44. Ke3 $19) 43. Ke1 $2 (43. Ke2) 43... Re8 44. Rxe8 Kxe8 45. Nh5 $2 {[#]} (45. Be2) 45... Rxf1+ $1 {[%mdl 512]} 46. Kxf1 c3 {Precision: White = 29%, Black = 48%.} 0-1